000 00741cam a2200205 4500
001 D7440
008 090401t1985 xxu||||| |||| 00| 0 eng d
035 _a(Sirsi) u7399
041 _aeng
050 _a692.8
110 _aNational Joint Consultative Committee for Building
_9994
245 _aJoint venture tendering for contracts in the United Kingdom
260 _aLondon
_bRIBA Publications / NJCC
_c1985
300 _a4p. 30cm
350 _a0
490 _aNJCC Guidance Note
_v1
520 _aCover title. Produced in collaboration with the Joint Standing Committee of Architects, Surveyors and Building Contractors in Scotland and Joint Consultative Committee for Building Northern Ireland
942 _n0
948 _c04/03/1997
999 _c86410
_d86410